000
00283nam a2200121Ia 4500
008
230312s9999||||xx |||||||||||||| ||und||
082
_a
629.530
_b
M-2/B-1
100
_a
SATC
245
0
_a
Physics:M-2
260
_a
Pakistan
_c
2022
650
_a
Aviation
_v
Aviation/Physics
942
_c
BK
999
_c
14368
_d
14368